Breves consideraciones acerca del anarquismo (Record no. 80299)

MARC details
000 -LEADER
campo de control de longitud fija 00595nam a2200169 i 4500
001 - NÚMERO DE CONTROL
campo de control 80299
003 - IDENTIFICADOR DE NÚMERO DE CONTROL
campo de control ES-MaACL
005 - FECHA Y HORA DE LA ÚLTIMA TRANSACCIÓN
campo de control 20230906174201.0
007 - CAMPO FIJO DE DESCRIPCIÓN FÍSICA--INFORMACIÓN GENERAL
campo de control de longitud fija t|
008 - DATOS DE LONGITUD FIJA--INFORMACIÓN GENERAL
campo de control de longitud fija 041027s1912 sp ||||1| spa d
100 1# - ENTRADA PRINCIPAL--NOMBRE DE PERSONA
Nombre de persona Hidalgo Pérez, Agustín.
9 (RLIN) 63601
245 10 - MENCIÓN DEL TÍTULO
Título Breves consideraciones acerca del anarquismo
Resto del título : discurso leído en la apertura del cuso de 1912 á 1913 en la Universidad de Granada /
Mención de responsabilidad, etc. Agustín Hidalgo Pérez.
260 ## - PUBLICACIÓN, DISTRIBUCIÓN, ETC.
Lugar de publicación, distribución, etc. Granada :
Nombre del editor, distribuidor, etc. [s.n.],
Fecha de publicación, distribución, etc. 1912 (
Fabricante Imp. Guevara)
300 ## - DESCRIPCIÓN FÍSICA
Extensión 18 p. ;
Dimensiones 30 cm.
710 2# - ENTRADA AGREGADA--NOMBRE DE ENTIDAD CORPORATIVA
Nombre de entidad corporativa o nombre de jurisdicción como elemento de entrada Universidad de Granada.
9 (RLIN) 7176
852 ## - LOCALIZACIÓN
Ubicación ES-MaACL
Número de control de estantería T-1323-F-7
Holdings
Estatus retirado Estado de pérdida Estado de daño No para préstamo Colección Biblioteca de origen Biblioteca actual Ubicación en estantería Fecha de adquisición Fuente de adquisición Total de préstamos Signatura topográfica completa Código de barras Visto por última vez Precio de reemplazo Tipo de ítem Koha
        Colección de folletos Biblioteca del Ateneo de Madrid Biblioteca del Ateneo de Madrid Depósito folletos 17/01/2008     T-1323-F-7 1083956 23/02/2023 23/02/2023 Folleto